000 00469nam a2200169Ia 4500
999 _c9388
_d9388
003 OSt
005 20191230150745.0
008 190216s9999||||xx |||||||||||||| ||und||
040 _coclc
082 _a330.01
_bJHI/A
100 _aJhingan, M L
_9469
245 0 _aAdvanced Economic Theory /
_cM L Jhingan
260 _bS Chand & Co,
_c1977.
_aNew Delhi:
300 _a722p
650 _aEconomics
942 _cBK
_2ddc
_h330.01
_iJHI/A
_k330.01
_mJHI/A